[Event "Centenary GM"]
[Site "Dun Laoghaire IRL"]
[Date "2010.08.21"]
[Round "1"]
[White "Baburin,A"]
[Black "Collins,S IRL"]
[Result "0-1"]
[WhiteElo "2549"]
[BlackElo "2408"]
[EventDate "2010.08.21"]

1. d4 d5 2. c4 e6 3. Nf3 c5 4. cxd5 exd5 5. g3 Nc6 6. Bg2 Nf6 7. O-O Be7 8.
Nc3 O-O 9. dxc5 Bxc5 10. Bg5 d4 11. Bxf6 Qxf6 12. Nd5 Qd8 13. Nd2 Re8 14.
Nb3 Bf8 15. Nf4 Bg4 16. Bxc6 bxc6 17. Qxd4 Bxe2 18. Nxe2 Rxe2 19. Qc3 Qb6
20. Rad1 Rae8 21. Rd7 R8e7 22. Rd4 g6 23. Rfd1 h5 24. Qf3 Rxb2 25. Rd8 Ree2
26. R1d7 Rxf2 27. Rxf8+ Kxf8 28. Rxf7+ Kg8 29. Qxf2 Rxf2 30. Rxf2 Qe3 31.
Nd2 c5 32. Nf3 c4 33. Kf1 Qd3+ 34. Kg1 Qb1+ 35. Kg2 c3 0-1

[Event "Centenary GM"]
[Site "Dun Laoghaire IRL"]
[Date "2010.08.21"]
[Round "1"]
[White "Heidenfeld,M"]
[Black "Quinn,M"]
[Result "1-0"]
[WhiteElo "2360"]
[BlackElo "2377"]
[EventDate "2010.08.21"]

1. e4 c5 2. Nf3 Nc6 3. Bb5 g6 4. O-O Bg7 5. Re1 Nf6 6. c3 O-O 7. d4 cxd4 8.
cxd4 d5 9. e5 Ne4 10. Nc3 Nxc3 11. bxc3 Qa5 12. Qa4 Qxa4 13. Bxa4 Bf5 14.
Ba3 Rfe8 15. c4 Rad8 16. cxd5 Rxd5 17. Bc5 Rc8 18. Bxc6 Rxc6 19. Bxe7 Bh6
20. h3 Rc3 21. Bb4 Rc4 22. Bc5 b6 23. Ba3 Ra5 24. Bc1 Bf8 25. Bd2 Rd5 26.
Rec1 Ra4 27. Rc7 h6 28. Rb7 g5 29. Rc7 b5 30. Be3 Ba3 31. Bc1 Bb4 32. Bb2
a5 33. a3 Bf8 34. Nd2 Raxd4 35. Bxd4 Rxd4 36. Nb3 Rd3 37. Nxa5 Bxa3 38. Nc6
Kg7 39. Nd4 Rxd4 40. Rxa3 b4 41. Ra6 b3 42. Rb6 Be6 43. Rcb7 Kg6 44. Rd6
Re4 45. Rxb3 Rxe5 46. Rb4 Re1+ 47. Kh2 Re2 48. Kg3 Rc2 49. h4 Rc3+ 50. f3
Rc2 51. Ra6 Rc5 52. Ra1 Rd5 53. Rh1 Ra5 54. h5+ Kf6 55. Rd1 Ra8 56. Rdb1
Kg7 57. Rb8 Ra4 58. R1b4 Ra1 59. Kh2 Ra2 60. Rd4 Rc2 61. Re8 Rc5 62. Rdd8
Rc4 63. g4 Rc3 64. Kg3 Ra3 65. Rg8+ Kf6 66. Rh8 1-0

[Event "Centenary GM"]
[Site "Dun Laoghaire IRL"]
[Date "2010.08.21"]
[Round "1"]
[White "Atlas,V"]
[Black "Bischoff,K"]
[Result "0-1"]
[WhiteElo "2440"]
[BlackElo "2553"]
[EventDate "2010.08.21"]

1. e4 c5 2. Nf3 e6 3. d4 cxd4 4. Nxd4 a6 5. Nc3 Qc7 6. g3 Bb4 7. Nde2 Nf6
8. Bg2 Be7 9. O-O O-O 10. Nf4 Nc6 11. a4 d6 12. g4 Nd7 13. g5 Re8 14. h4
Bf8 15. h5 g6 16. hxg6 hxg6 17. Ra3 Bg7 18. Nce2 b6 19. Rh3 Bb7 20. Ng3
Nce5 21. Nd3 Rac8 22. Nxe5 dxe5 23. c3 Red8 24. Qg4 Qc4 25. f4 exf4 26.
Qxf4 Ne5 27. Qh4 Kf8 28. Be3 b5 29. Qf4 Kg8 30. axb5 axb5 31. Bf3 Nxf3+ 32.
Qxf3 Rd7 33. Rh4 b4 34. Rf4 bxc3 35. bxc3 e5 36. Rh4 Qxc3 37. Ne2 Qb3 38.
Nc1 Qa4 39. Qg4 Rc4 40. Qf3 Rxe4 41. Rxe4 Bxe4 42. Qg4 Qc2 43. Nb3 Bf5 44.
Qb4 Bf8 45. Nc5 Rc7 0-1

[Event "Centenary GM"]
[Site "Dun Laoghaire IRL"]
[Date "2010.08.21"]
[Round "1"]
[White "Rochev,Y"]
[Black "Hebden,M"]
[Result "0-1"]
[WhiteElo "2395"]
[BlackElo "2556"]
[EventDate "2010.08.21"]

1. d4 Nf6 2. Nf3 d6 3. Nc3 Bf5 4. Nh4 Bd7 5. e4 e5 6. Nf3 Nc6 7. Be2 g6 8.
dxe5 Nxe5 9. O-O Nxf3+ 10. Bxf3 Bg7 11. Bf4 O-O 12. Re1 Bc6 13. e5 dxe5 14.
Bxe5 Qxd1 15. Raxd1 Bxf3 16. gxf3 c6 17. Bxf6 Bxf6 18. Rd2 b6 19. Rd6 Kg7
20. Rxc6 Rfc8 21. Rxc8 Rxc8 22. Re3 Bxc3 23. bxc3 Rc5 24. a4 Kf6 25. Kg2
Rc4 26. Re8 Rxa4 27. Rc8 Ra2 28. Rc6+ Kg7 29. c4 Rxc2 30. Kg3 Ra2 31. f4
Ra5 32. Rc7 Rc5 33. Rxa7 Rxc4 34. Rb7 Rb4 35. Rd7 h5 36. Rd6 Rb1 37. Kf3 b5
38. Rb6 b4 39. h4 b3 40. f5 b2 41. fxg6 f6 42. Kf4 Kxg6 43. Rb7 Rh1 44.
Rxb2 Rxh4+ 45. Kg3 Rg4+ 46. Kh3 Kg5 47. Rb3 Kf4 48. Rc3 f5 49. Rb3 Rg1 50.
Ra3 Re1 51. Kg2 h4 52. Rb3 Re2 53. Rb4+ Kg5 54. Rc4 Ra2 55. Kf3 Ra3+ 56.
Kg2 h3+ 57. Kh2 Rf3 58. Rc2 Kg4 59. Rb2 Rd3 60. Ra2 f4 61. Rb2 Rd1 62. Rc2
Kf3 63. Rb2 Re1 64. Rb3+ Kxf2 65. Kxh3 0-1

[Event "Centenary GM"]
[Site "Dun Laoghaire IRL"]
[Date "2010.08.22"]
[Round "2"]
[White "Bischoff,K"]
[Black "Manca,F"]
[Result "1/2-1/2"]
[WhiteElo "2553"]
[BlackElo "2356"]
[EventDate "2010.08.21"]

1. d4 d5 2. c4 e6 3. Nf3 c5 4. cxd5 exd5 5. g3 Nc6 6. Bg2 Nf6 7. O-O Be7 8.
Be3 cxd4 9. Nxd4 O-O 10. Nc3 Re8 11. Qb3 Na5 12. Qc2 Bg4 13. h3 Bh5 14. Nf5
Bb4 15. Bg5 Rc8 16. g4 Bg6 17. Rad1 d4 18. e3 Bxc3 19. bxc3 Rxc3 20. Qb2
Nc4 21. Qa1 Bxf5 22. Rxd4 Qa5 23. gxf5 h6 24. Bxf6 gxf6 25. Rd5 Qa3 26. Qd1
Kh7 27. Qh5 Qf8 28. Rfd1 Ne5 29. Rf1 1/2-1/2

[Event "Centenary GM"]
[Site "Dun Laoghaire IRL"]
[Date "2010.08.22"]
[Round "2"]
[White "Hebden,M"]
[Black "Baburin,A"]
[Result "1/2-1/2"]
[WhiteElo "2556"]
[BlackElo "2549"]
[EventDate "2010.08.21"]

1. d4 d5 2. c4 e6 3. Nf3 Nf6 4. Bg5 Nbd7 5. e3 c6 6. Nbd2 Be7 7. Rc1 h6 8.
Bf4 c5 9. cxd5 Nxd5 10. Bg3 O-O 11. Bc4 cxd4 12. Nxd4 N7b6 13. O-O Bd6 14.
Bxd6 Qxd6 15. Qb3 Nf6 16. Rfd1 Bd7 17. Nb5 Bxb5 18. Bxb5 Qe7 19. Be2 Rac8
20. Bf3 Rxc1 21. Rxc1 Rd8 22. Nb1 Nbd5 23. g3 b6 24. a3 e5 25. Rd1 Nc7 26.
Nc3 Rxd1+ 27. Qxd1 Qd7 28. Qxd7 Nxd7 29. Bc6 Nf6 30. Kf1 Kf8 31. Ke2 Ke7
32. b4 g5 33. f3 Kd6 34. Bb7 Nfe8 35. Kd3 Ke7 36. g4 Nd6 37. Bc6 f5 38. h3
e4+ 39. Ke2 exf3+ 40. Bxf3 fxg4 41. hxg4 Nc4 42. Kd3 Nxa3 43. Bc6 Kd6 44.
Ba4 Ke5 45. Bc6 b5 46. Ne2 a6 47. Nd4 Nc4 48. Bb7 Nd5 49. Nf3+ Kd6 50. Bxd5
Kxd5 51. e4+ Ke6 52. Kd4 a5 53. bxa5 Nxa5 54. Kc5 Nc4 55. Kxb5 Ne3 56. Kc5
Nxg4 57. Kd4 Nf6 58. Ke3 Nd7 59. Kd4 g4 60. Nd2 Ne5 61. Ke3 Kf6 62. Kf4 h5
63. Nb3 Ng6+ 64. Ke3 h4 65. Nd4 h3 66. Nf5 Kg5 67. Kf2 Kf4 68. Ng3 Ne5 69.
Ne2+ Kg5 70. Kg3 Nf3 71. e5 Nh4 72. e6 Nf5+ 73. Kf2 Kh4 74. Kg1 g3 75. Nf4
Kg4 76. Ng6 h2+ 77. Kh1 Kf3 78. Ne5+ Ke4 79. Ng6 Kf3 80. Ne5+ Kf2 81. Ng4+
Kf3 82. Nxh2+ gxh2 83. Kxh2 Kf4 1/2-1/2

[Event "Centenary GM"]
[Site "Dun Laoghaire IRL"]
[Date "2010.08.22"]
[Round "2"]
[White "Collins,S IRL"]
[Black "Heidenfeld,M"]
[Result "1/2-1/2"]
[WhiteElo "2408"]
[BlackElo "2360"]
[EventDate "2010.08.21"]

1. d4 e6 2. c4 f5 3. g3 Nf6 4. Bg2 Be7 5. Nf3 O-O 6. O-O Ne4 7. Nfd2 d5 8.
Nxe4 fxe4 9. Nc3 Bf6 10. Be3 c6 11. Qc2 Bd7 12. Rac1 Be8 13. b4 Nd7 14. b5
Kh8 15. bxc6 bxc6 16. Na4 Nb6 17. Nxb6 axb6 18. Bh3 Qe7 19. Qb3 Ra6 20.
cxd5 exd5 21. Bc8 Ra8 22. Bh3 b5 23. Bd2 Ra4 24. e3 Qa7 25. Bb4 Be7 26. a3
h6 27. Bg4 Bxb4 28. axb4 Bd7 29. Bxd7 Qxd7 30. Qc3 Ra6 31. Ra1 Rfa8 32. Ra5
Rxa5 33. bxa5 Qd6 34. Ra1 Ra6 35. Qb3 Kg8 36. Qd1 Qb4 37. Qg4 Rxa5 38. Qe6+
Kh7 39. Qf5+ Kg8 40. Rc1 Qf8 41. Qxf8+ Kxf8 42. Rxc6 Ke7 43. Rc5 Kd6 44.
Kg2 h5 45. h4 Ke6 46. Rc6+ Kd7 47. Rc5 Ke6 48. Rc7 b4 49. Rb7 Ra4 50. Rxg7
Kd6 51. g4 hxg4 52. Rb7 Kc6 53. Rb8 Kc7 54. Rb5 Kc6 55. Rc5+ Kb6 56. Kg3 b3
57. Rc1 Kb5 58. Kxg4 Ra2 59. f4 exf3 60. Kxf3 Rc2 61. Rb1 Kc4 62. e4 dxe4+
63. Kxe4 Re2+ 64. Kf5 b2 65. h5 Kxd4 66. h6 Rh2 67. Kg6 Kc3 1/2-1/2

[Event "Centenary GM"]
[Site "Dun Laoghaire IRL"]
[Date "2010.08.23"]
[Round "3"]
[White "Manca,F"]
[Black "Quinn,M"]
[Result "1/2-1/2"]
[WhiteElo "2356"]
[BlackElo "2377"]
[EventDate "2010.08.21"]

1. e4 e5 2. Nf3 Nc6 3. d4 exd4 4. Nxd4 Nf6 5. Nxc6 bxc6 6. e5 Qe7 7. Qe2
Nd5 8. c4 Ba6 9. b3 g5 10. g3 Bg7 11. Bb2 O-O-O 12. Bg2 Rde8 13. O-O Bxe5
14. Qxe5 Qxe5 15. Bxe5 Rxe5 16. cxd5 Bxf1 17. Kxf1 cxd5 18. Nc3 c6 19. Rc1
Kd8 20. Na4 h5 1/2-1/2

[Event "Centenary GM"]
[Site "Dun Laoghaire IRL"]
[Date "2010.08.23"]
[Round "3"]
[White "Astaneh Lopez,A"]
[Black "Collins,S IRL"]
[Result "1-0"]
[WhiteElo "2367"]
[BlackElo "2408"]
[EventDate "2010.08.21"]

1. e4 d6 2. d4 Nf6 3. f3 e5 4. Ne2 c6 5. Be3 Nbd7 6. Nbc3 Be7 7. Qd2 O-O 8.
O-O-O b5 9. Ng3 Nb6 10. dxe5 dxe5 11. Qxd8 Rxd8 12. Nf5 Rxd1+ 13. Nxd1 Bf8
14. Bg5 Nbd7 15. Nf2 g6 16. Nh6+ Kg7 17. Be2 Nc5 18. Rd1 Be6 19. Kb1 Nfd7
20. g4 f6 21. Bc1 Be7 22. h4 Nb6 23. b3 Rd8 24. Rg1 Bc8 25. g5 fxg5 26.
hxg5 Ne6 27. Nd3 Nd7 28. f4 Nxf4 29. Nxf4 exf4 30. Bxf4 Rf8 31. Bc1 Ne5 32.
Bb2 Bd6 33. Rd1 Bb8 34. Bg4 Bxg4 35. Nxg4 Re8 36. Rd7+ Kh8 37. Rb7 Bd6 38.
Nf6 1-0

[Event "Centenary GM"]
[Site "Dun Laoghaire IRL"]
[Date "2010.08.23"]
[Round "3"]
[White "Rochev,Y"]
[Black "Bischoff,K"]
[Result "0-1"]
[WhiteElo "2395"]
[BlackElo "2553"]
[EventDate "2010.08.21"]

1. e4 c5 2. Nf3 e6 3. b3 a6 4. Bb2 Nc6 5. Be2 Nf6 6. e5 Nd5 7. O-O Nf4 8.
Re1 Be7 9. Bf1 f6 10. d3 O-O 11. Nbd2 Nxe5 12. Nxe5 fxe5 13. Bxe5 d6 14.
Bxf4 Rxf4 15. g3 Rf8 16. Bh3 Bf6 17. Rb1 Bd4 18. Re2 b5 19. Bg2 Ra7 20. Nf3
Bc3 21. d4 Rc7 22. Qd3 b4 23. Qe3 Qf6 24. dxc5 Rxc5 25. Rd1 Rf5 26. Rxd6
Rxf3 27. Bxf3 Qxf3 28. Qxf3 Rxf3 29. Re4 e5 30. Rd8+ Rf8 31. Rxf8+ Kxf8 32.
Rc4 Bf5 33. Rc6 Bxc2 34. Rxa6 Bb2 35. Rd6 Ba3 36. f3 Ke7 37. Rd2 Bg6 38.
Kg2 Bc1 39. Rd1 Be3 40. h4 Bd4 41. g4 Kd6 42. h5 Bc2 43. Rc1 Bd3 44. Kg3 e4
45. fxe4 Ke5 46. Rc8 Kxe4 47. Ra8 Bb2 48. Ra4 Ba3 49. Ra7 Bb2 50. Ra4 Be5+
51. Kh3 Bd6 52. Ra7 Be5 53. Ra4 Kf3 0-1

[Event "Centenary GM"]
[Site "Dun Laoghaire IRL"]
[Date "2010.08.23"]
[Round "3"]
[White "Baburin,A"]
[Black "Atlas,V"]
[Result "1-0"]
[WhiteElo "2549"]
[BlackElo "2440"]
[EventDate "2010.08.21"]

1. d4 Nf6 2. c4 c5 3. d5 e5 4. Nc3 d6 5. e4 Be7 6. g3 Nbd7 7. Bg2 O-O 8.
Nf3 Ne8 9. O-O g6 10. Ne1 Ng7 11. Nd3 f5 12. f4 Bf6 13. Kh1 a6 14. a4 b6
15. Be3 Ra7 16. Qd2 exf4 17. Bxf4 Ne5 18. Nxe5 dxe5 19. Bh6 a5 20. Rad1
Raf7 21. d6 Qd7 22. exf5 gxf5 23. g4 f4 24. h3 Re8 25. Bxg7 Kxg7 26. Be4
Bh4 27. Qg2 Rd8 28. Bc6 Qxc6 29. Qxc6 Bb7 30. Qxb7 Rxb7 31. Kg2 Rbd7 32.
Ne4 Kg6 33. Rd5 Bf6 34. Kf3 Bg7 35. Rfd1 Rc8 36. h4 h6 37. h5+ Kf7 38. g5
Re8 39. R1d3 hxg5 40. Nxg5+ Kf6 41. Ne4+ Kf5 42. Rd1 Rh8 43. Rh1 Rh6 44.
Rd2 Bf8 45. Rg2 Bxd6 46. Rd2 Rd8 47. Rhd1 Rxh5 48. Nxd6+ Rxd6 49. Rxd6 Rh3+
50. Kg2 Rg3+ 51. Kf2 Rb3 52. R1d2 e4 53. R2d5+ Kg4 54. Rg6+ Kh4 55. Rd8
Rxb2+ 56. Kg1 Rb1+ 57. Kh2 Kh5 58. Rg2 1-0

[Event "Centenary GM"]
[Site "Dun Laoghaire IRL"]
[Date "2010.08.24"]
[Round "4"]
[White "Atlas,V"]
[Black "Heidenfeld,M"]
[Result "1/2-1/2"]
[WhiteElo "2440"]
[BlackElo "2360"]
[EventDate "2010.08.21"]

1. e4 e6 2. d4 d5 3. Nd2 dxe4 4. Nxe4 Nd7 5. g3 Ngf6 6. Nxf6+ Nxf6 7. Bg2
c5 8. Ne2 cxd4 9. Qxd4 Qxd4 10. Nxd4 Bc5 11. Nb3 Bb6 12. a4 a5 13. c4 Nd7
14. O-O Nc5 15. Nd4 Bd7 16. Be3 Nxa4 17. b3 e5 18. Nc2 Bxe3 19. Nxe3 Nc5
20. b4 Nb3 21. Ra3 a4 22. Nd5 O-O-O 23. Nb6+ Kb8 24. Nxd7+ Rxd7 25. Rxa4
Rd4 26. Bd5 Rc8 27. Bxf7 Nd2 28. Rfa1 Nxc4 29. Ra8+ Kc7 30. Rxc8+ Kxc8 31.
Rc1 b5 32. Be8 Kd8 33. Bxb5 Nd6 34. Bf1 1/2-1/2

[Event "Centenary GM"]
[Site "Dun Laoghaire IRL"]
[Date "2010.08.24"]
[Round "4"]
[White "Collins,S IRL"]
[Black "Manca,F"]
[Result "0-1"]
[WhiteElo "2408"]
[BlackElo "2356"]
[EventDate "2010.08.21"]

1. e4 e5 2. Nf3 Nc6 3. Bb5 a6 4. Ba4 Nf6 5. O-O Be7 6. Re1 b5 7. Bb3 d6 8.
c3 O-O 9. d4 Bg4 10. d5 Na5 11. Bc2 c6 12. h3 Bxf3 13. Qxf3 cxd5 14. exd5
Nc4 15. Nd2 Nb6 16. Nf1 Ne8 17. g4 g6 18. Bh6 Ng7 19. Ng3 Rc8 20. Kh2 Nd7
21. Qe3 Nf6 22. Rad1 b4 23. f4 bxc3 24. fxe5 cxb2 25. Bb3 dxe5 26. Qxe5 Bd6
27. Qd4 Nfh5 28. Rd3 Qc7 29. gxh5 Bxg3+ 30. Rxg3 Qxg3+ 31. Kxg3 Nf5+ 32.
Kf4 Nxd4 33. Bxf8 Ne2+ 34. Kg5 Rc1 35. Ba3 b1=Q 0-1

[Event "Centenary GM"]
[Site "Dun Laoghaire IRL"]
[Date "2010.08.24"]
[Round "4"]
[White "Hebden,M"]
[Black "Astaneh Lopez,A"]
[Result "1/2-1/2"]
[WhiteElo "2556"]
[BlackElo "2367"]
[EventDate "2010.08.21"]

1. d4 Nf6 2. Nf3 g6 3. Nc3 d5 4. Bf4 Bg7 5. Qd2 Ne4 6. Nxe4 dxe4 7. Ne5 O-O
8. e3 Be6 9. Qb4 Nd7 10. Nxd7 Qxd7 11. c3 Rfc8 12. Be2 a5 13. Qb5 Qxb5 14.
Bxb5 c6 15. Be2 b5 16. f3 Bd5 17. Kf2 f6 18. Rhc1 e5 19. Bg3 exf3 20. gxf3
exd4 21. cxd4 f5 22. Be5 Re8 23. f4 Rac8 24. h4 Kf7 25. Bxg7 Kxg7 26. Rc5
Re6 27. Bf3 Bxf3 28. Kxf3 Rce8 29. Re5 c5 30. Rxe6 Rxe6 31. dxc5 Rc6 32.
Rc1 Kf6 33. e4 Ke6 34. Ke3 fxe4 35. Kxe4 Rc7 36. c6 Kd6 37. Kd4 Rxc6 38.
Rxc6+ Kxc6 39. Ke5 Kc5 40. Kf6 Kd5 41. Kg7 Ke6 42. Kxh7 Kf7 43. Kh6 Kf6 44.
f5 Kxf5 45. Kg7 g5 46. hxg5 Kxg5 47. Kf7 Kf5 48. Ke7 Ke5 49. Kd7 Kd5 50.
Kc7 Kc5 51. Kb7 a4 52. Ka6 Kb4 53. Kb6 a3 54. bxa3+ Kxa3 55. Kxb5 Kxa2
1/2-1/2

[Event "Centenary GM"]
[Site "Dun Laoghaire IRL"]
[Date "2010.08.24"]
[Round "4"]
[White "Bischoff,K"]
[Black "Quinn,M"]
[Result "0-1"]
[WhiteElo "2553"]
[BlackElo "2377"]
[EventDate "2010.08.21"]

1. Nf3 c5 2. c4 Nc6 3. d4 cxd4 4. Nxd4 g6 5. e4 Bg7 6. Nc2 d6 7. Be2 Nf6 8.
Nc3 Nd7 9. Bd2 a5 10. O-O O-O 11. Be3 a4 12. Qd2 Qa5 13. Rac1 Nc5 14. f3
Re8 15. Rfd1 Ra6 16. Na3 Nb4 17. Nab5 Be6 18. Bd4 Bxd4+ 19. Nxd4 Qb6 20.
Qe3 Nc6 21. Ndb5 Ra5 22. Kh1 Nb4 23. Bf1 Nd7 24. Qd2 Ne5 25. b3 axb3 26.
axb3 Rea8 27. Na4 Rxa4 28. bxa4 Na6 29. a5 Qc5 30. Nd4 Bd7 31. Nb3 Qa3 32.
Ra1 Qxb3 33. Rdb1 Nc5 34. Rxb3 Nxb3 35. Qb2 Nxa1 36. Qxa1 Nc6 37. Qb2 Nxa5
38. Qb6 Be6 39. h4 Nxc4 40. Qxb7 Ra1 41. Kg1 h6 42. Kf2 Ra2+ 43. Be2 Ne5
44. Ke3 Ra3+ 45. Kf4 Ra2 46. Bf1 Rf2 47. Qb1 Kg7 48. Kg3 Ra2 49. Qb7 Ra1
50. Be2 Ra2 51. Bb5 Rb2 52. Qa6 Ra2 53. Qb6 Rb2 54. Qa5 Rb3 55. Ba6 g5 56.
hxg5 hxg5 57. Qc7 Ng6 58. Bc8 Bxc8 59. Qxc8 Ne5 60. Qc2 Rd3 61. Kf2 Ra3 62.
Qb2 Rd3 63. Ke2 f6 64. Qb8 Ra3 65. Qb2 Re3+ 0-1

[Event "Centenary GM"]
[Site "Dun Laoghaire IRL"]
[Date "2010.08.25"]
[Round "5"]
[White "Manca,F"]
[Black "Hebden,M"]
[Result "1/2-1/2"]
[WhiteElo "2356"]
[BlackElo "2556"]
[EventDate "2010.08.21"]

1. e4 e5 2. Nf3 Nc6 3. Bb5 a6 4. Ba4 Nf6 5. O-O Be7 6. Re1 b5 7. Bb3 O-O 8.
d4 d6 9. c3 Bg4 10. Be3 Bd7 11. Nbd2 Ng4 12. Nf1 Nxe3 13. Nxe3 Bf6 14. h3
g6 15. a4 Rb8 16. axb5 axb5 17. Qd2 Bg7 18. Ra6 b4 19. Bc4 bxc3 20. bxc3
Kh8 21. Bd5 exd4 22. cxd4 Nb4 23. Ra7 f5 24. exf5 gxf5 25. Bc4 Nc6 26. Ra6
Re8 27. Raa1 Re4 28. Nd5 h6 29. Bd3 Nxd4 30. Bxe4 Nb3 31. Qf4 fxe4 32. Nh4
Qg5 33. Qxg5 hxg5 34. Ra7 Nc5 35. Ng6+ Kh7 36. Nge7 c6 37. Rxd7 Nxd7 38.
Nxc6 Rb5 39. Nce7 Be5 40. g3 Nc5 41. Re2 Kg7 42. Nc7 Rb7 43. Ned5 Kf7 44.
Kg2 Bd4 45. f3 e3 46. f4 gxf4 47. gxf4 Ne4 48. f5 Be5 49. Ne6 Rb3 50. Rxe3
Rb2+ 51. Kf3 Nd2+ 52. Kg4 Nc4 53. Re4 Rg2+ 54. Kh5 Rc2 55. Ng5+ Kg7 56.
Ne6+ Kf7 57. Ng5+ Kg7 58. Ne6+ Kf7 1/2-1/2

[Event "Centenary GM"]
[Site "Dun Laoghaire IRL"]
[Date "2010.08.25"]
[Round "5"]
[White "Astaneh Lopez,A"]
[Black "Atlas,V"]
[Result "1/2-1/2"]
[WhiteElo "2367"]
[BlackElo "2440"]
[EventDate "2010.08.21"]

1. Nf3 Nf6 2. c4 b6 3. g3 Bb7 4. Bg2 c5 5. O-O d6 6. Nc3 e6 7. d4 cxd4 8.
Qxd4 Be7 9. Rd1 a6 10. Bg5 Nbd7 11. Qd2 O-O 12. Bf4 Ne8 13. Rac1 Rc8 14. b3
Rc7 15. Ng5 Bxg2 16. Kxg2 Qa8+ 17. f3 Ndf6 18. Qd3 Qb7 19. a4 Rd7 20. e4 h6
21. Nh3 Nc7 22. Qe2 Rc8 23. Be3 Nfe8 24. Nf4 Bf6 25. Qf2 b5 26. cxb5 axb5
27. Bb6 Rb8 28. a5 Na8 29. Be3 Rc7 30. Na2 Rbc8 31. Qd2 Rxc1 32. Rxc1 Rxc1
33. Qxc1 Bd8 34. b4 Be7 35. Nd3 Nac7 36. Qc3 Na6 37. Bd4 Kf8 38. Kf2 h5 39.
h4 Qd7 40. Be3 Nec7 41. Kg2 e5 42. Bb6 f6 43. Nac1 d5 44. Nb3 dxe4 45. fxe4
Ne6 46. Nbc5 Bxc5 47. Nxc5 Nexc5 48. bxc5 Qc6 49. Qd3 Nb4 50. Qb1 Na6 51.
Qd3 Nb4 52. Qb1 1/2-1/2

[Event "Centenary GM"]
[Site "Dun Laoghaire IRL"]
[Date "2010.08.25"]
[Round "5"]
[White "Heidenfeld,M"]
[Black "Rochev,Y"]
[Result "1/2-1/2"]
[WhiteElo "2360"]
[BlackElo "2395"]
[EventDate "2010.08.21"]

1. e4 c5 2. Nf3 Nc6 3. d4 cxd4 4. Nxd4 Qb6 5. Nb3 e6 6. g3 Nf6 7. Bg2 Qa6
8. Nc3 Bb4 9. Bd2 O-O 10. a3 Bxc3 11. Bxc3 e5 12. Qd6 Qb6 13. O-O Ne8 14.
Qd3 d6 15. Nd2 Be6 16. Rad1 Nc7 17. Nc4 Bxc4 18. Qxc4 Rfd8 19. Rd2 Qb5 20.
Qa2 Qc5 21. Rfd1 b5 22. Rd3 a5 23. Qb1 b4 24. Bd2 Nd4 25. axb4 axb4 26. Be3
Ncb5 27. Rb3 Qxc2 28. Rxb4 Qc5 29. Rb3 Qc4 30. Rbd3 Rdc8 31. R3d2 h6 32.
Qd3 Qb4 33. Kh1 Rc7 34. Bf1 Rac8 35. Bh3 Ra8 36. Bf1 Ra4 37. Kg2 Raa7 38.
Qb1 Rc8 39. Bxb5 Nxb5 40. Qd3 Ra4 41. f3 Ra2 42. Rb1 Kh7 43. g4 Qc4 44. Kg3
Qb4 1/2-1/2

[Event "Centenary GM"]
[Site "Dun Laoghaire IRL"]
[Date "2010.08.26"]
[Round "6"]
[White "Baburin,A"]
[Black "Heidenfeld,M"]
[Result "1/2-1/2"]
[WhiteElo "2549"]
[BlackElo "2360"]
[EventDate "2010.08.21"]

1. d4 Nf6 2. c4 g6 3. Nf3 Bg7 4. Nc3 O-O 5. g3 d6 6. Bg2 Nc6 7. O-O a6 8.
Qd3 d5 9. Nxd5 Nxd5 10. cxd5 Qxd5 11. e4 Qb5 12. Qxb5 axb5 13. Be3 Bg4 14.
e5 Nb4 15. a3 Nc2 16. Rac1 Nxe3 17. fxe3 Bxf3 18. Bxf3 1/2-1/2

[Event "Centenary GM"]
[Site "Dun Laoghaire IRL"]
[Date "2010.08.26"]
[Round "6"]
[White "Bischoff,K"]
[Black "Collins,S IRL"]
[Result "1-0"]
[WhiteElo "2553"]
[BlackElo "2408"]
[EventDate "2010.08.21"]

1. c4 e6 2. Nc3 d5 3. d4 c5 4. cxd5 exd5 5. Nf3 Nc6 6. Bg5 Be7 7. Bxe7
Ngxe7 8. e3 O-O 9. dxc5 Bg4 10. Be2 Qa5 11. Qa4 Qxa4 12. Nxa4 Rac8 13. O-O
Bd7 14. Bb5 Rfd8 15. Rfd1 Ne5 16. Nd4 N7c6 17. Nc3 Ne7 18. b4 b6 19. Ba6
bxc5 20. Bxc8 cxd4 21. Bxd7 dxc3 22. Ba4 Nc4 23. Bb3 Nb2 24. Rdc1 Rc8 25.
Rc2 h5 26. a3 d4 27. exd4 Nf5 28. Rac1 Nxd4 29. Rxb2 1-0

[Event "Centenary GM"]
[Site "Dun Laoghaire IRL"]
[Date "2010.08.26"]
[Round "6"]
[White "Hebden,M"]
[Black "Quinn,M"]
[Result "1-0"]
[WhiteElo "2556"]
[BlackElo "2377"]
[EventDate "2010.08.21"]

1. d4 d5 2. c4 e6 3. Nf3 Nf6 4. Bg5 Bb4+ 5. Nbd2 Nbd7 6. Rc1 O-O 7. a3 Be7
8. e3 c5 9. cxd5 Nxd5 10. Bxe7 Qxe7 11. Ne4 cxd4 12. Qxd4 b6 13. Bb5 Bb7
14. O-O Rfd8 15. Rfd1 f5 16. Ng3 Nc5 17. Qe5 Nb3 18. Rb1 Qf6 19. Bc4 Na5
20. Ba2 Rac8 21. e4 fxe4 22. Nxe4 Qxe5 23. Nxe5 h6 24. f3 Rc2 25. Rd2 Rxd2
26. Nxd2 Nf4 27. Nf1 Bd5 28. Rd1 Rc8 29. Bb1 Nc6 30. Nxc6 Bxc6 31. Kf2 Kf7
32. Ne3 Ke7 33. Rc1 Bb7 34. Rxc8 Bxc8 35. g3 Nh3+ 36. Kg2 Ng5 37. h4 Nf7
38. Kf2 Bb7 39. Bd3 Ne5 40. Be2 Nc6 41. Nc2 e5 42. Ke3 Kd6 43. Bd3 Ne7 44.
Be4 Bxe4 45. Kxe4 Ke6 46. Ne3 b5 47. Nf1 Nf5 48. h5 Nd6+ 49. Kd3 Nc4 50. b4
Kd5 51. g4 Nb2+ 52. Kc3 Nc4 53. Ng3 Nxa3 54. Nf5 e4 55. f4 Nb1+ 56. Kc2
Na3+ 57. Kd2 Nc4+ 58. Ke2 Nd6 59. Nxg7 a5 60. bxa5 b4 61. a6 Kc6 62. Ne6
Kb6 63. Nc5 b3 64. Nxb3 Kxa6 65. Ke3 Kb6 66. Nd2 1-0

[Event "Centenary GM"]
[Site "Dun Laoghaire IRL"]
[Date "2010.08.27"]
[Round "7"]
[White "Collins,S IRL"]
[Black "Hebden,M"]
[Result "1/2-1/2"]
[WhiteElo "2408"]
[BlackElo "2556"]
[EventDate "2010.08.21"]

1. e4 e5 2. Nf3 Nc6 3. Nc3 Nf6 4. d4 exd4 5. Nxd4 Bb4 6. Nxc6 bxc6 7. Bd3
O-O 8. O-O d5 9. exd5 cxd5 10. Bg5 c6 11. Qf3 Rb8 12. Ne2 Bg4 13. Bxf6 Bxf3
14. Bxd8 Bxe2 15. Bxe2 Rfxd8 16. Rfd1 a5 17. a4 Bd6 18. b3 Re8 19. Bg4 Re7
20. Re1 Rbe8 21. Rxe7 Rxe7 22. h3 g6 23. Kf1 Bb4 24. Bf3 Bc3 25. Rd1 Kf8
26. Be2 Re5 27. Rd3 d4 28. Rd1 Ke7 29. Bc4 f6 30. g4 Kd6 31. Kg2 Kc5 32.
Rd3 Kd6 33. Rd1 Re4 34. Kf3 Re8 35. Kg2 Kc5 36. Rd3 Kb4 37. Rf3 Ka3 38. Bd3
Re6 39. h4 c5 40. h5 gxh5 41. Rf5 hxg4 42. Rxc5 Re1 43. Bxh7 Rc1 44. Kg3
Rg1+ 45. Kh2 Rd1 46. Kg3 Rd2 47. Kxg4 Rxf2 48. Rf5 Rxc2 49. Rxa5 Rg2+ 50.
Kf3 Rg7 51. Rh5 Kxb3 52. Bd3 Kxa4 53. Rh7 Rg1 54. Rh6 Re1 55. Be2 Kb3 56.
Rxf6 d3 57. Rb6+ Kc2 58. Bxd3+ Kxd3 59. Rb3 Rf1+ 60. Kg4 Kd4 61. Ra3 Rf8
62. Rb3 Bd2 63. Rf3 Rg8+ 64. Kf5 Be3 65. Rh3 Rf8+ 66. Ke6 Ke4 67. Rh4+ Bf4
68. Rh5 Ra8 69. Rb5 Ra6+ 70. Ke7 Be5 71. Rb1 Rh6 72. Rf1 Kd5 73. Rd1+ Bd4
74. Kf7 Rf6+ 75. Ke7 Rf2 76. Rd3 Ra2 77. Kf7 Ra7+ 78. Kg6 Ke4 79. Rb3 Rg7+
80. Kh6 Rg1 81. Rb4 Ke5 82. Kh5 Rg8 83. Ra4 Kf5 84. Kh4 Be5 85. Kh3 Rg3+
86. Kh4 Rd3 87. Kh5 Rd8 88. Ra6 Rg8 89. Rb6 Rg5+ 90. Kh4 Rg3 91. Rb4 Ra3
92. Kh5 Ra8 93. Rb6 Ra4 94. Rg6 Bf6 95. Rg5+ Ke6 96. Rg4 Ra7 97. Kg6 Ra8
98. Re4+ Be5 99. Rg4 Ra5 100. Re4 Ra1 101. Rg4 Rh1 102. Rg2 Rh3 103. Rg1
Bd4 104. Rg4 Be3 105. Re4+ Kd5 106. Re8 Bd4 107. Rd8+ Ke4 108. Re8+ Be5
109. Kg5 1/2-1/2

[Event "Centenary GM"]
[Site "Dun Laoghaire IRL"]
[Date "2010.08.27"]
[Round "7"]
[White "Heidenfeld,M"]
[Black "Bischoff,K"]
[Result "1/2-1/2"]
[WhiteElo "2360"]
[BlackElo "2553"]
[EventDate "2010.08.21"]

1. e4 c5 2. Nf3 d6 3. d4 Nf6 4. Nc3 cxd4 5. Nxd4 e6 6. Be2 Be7 7. Be3 Nc6
8. O-O Bd7 9. Kh1 Nxd4 10. Bxd4 Bc6 11. f3 O-O 12. Qd2 a6 13. a4 b6 14. b4
Bb7 15. Rfb1 Qc7 16. Bd3 Nd7 17. Rb3 Bf6 18. Bxf6 Nxf6 19. a5 b5 1/2-1/2

[Event "Centenary GM"]
[Site "Dun Laoghaire IRL"]
[Date "2010.08.27"]
[Round "7"]
[White "Astaneh Lopez,A"]
[Black "Baburin,A"]
[Result "1/2-1/2"]
[WhiteElo "2367"]
[BlackElo "2549"]
[EventDate "2010.08.21"]

1. e4 Nf6 2. e5 Nd5 3. d4 d6 4. Nf3 dxe5 5. Nxe5 c6 6. Bc4 Nd7 7. Nf3 N7b6
8. Bb3 Bg4 9. O-O e6 10. h3 Bh5 11. Re1 Be7 12. Nbd2 O-O 13. Ne4 Nf6 14.
Ng3 Bxf3 15. gxf3 Qc7 16. Qe2 Nbd5 17. c3 Rfe8 18. Kh1 c5 19. dxc5 Bxc5 20.
Ne4 Nxe4 21. fxe4 Nf4 22. Bxf4 Qxf4 23. Kg2 Rad8 1/2-1/2